| 000 | 00970nam a22002415a 4500 | ||
|---|---|---|---|
| 003 | OSt | ||
| 005 | 20170507141727.0 | ||
| 008 | 170313s2013 ua frb 000 0 ara d | ||
| 040 |
_aEG-ScBUE _bara _cEG-ScBUE |
||
| 082 | 0 | 4 |
_222 _bأ ب و _a341.48 |
| 100 | 1 | _aأبو الوفا، أحمد. | |
| 245 | 1 | 2 |
_aالنظرية العامة للقانون الدولي الإنساني : _bفي القانون الدولي وفي الشريعة الإسلامية / _cأحمد أبو الوفا. |
| 250 | _aط. 3. | ||
| 260 |
_aالقاهرة : _bدار النهضة العربية، _c2013. |
||
| 300 |
_a244 ص. ؛ _c24 سم. |
||
| 504 | _aيشتمل على إرجاعات ببليوجرافية. | ||
| 650 | 7 |
_2BUEsh _a القانون الإنساني. |
|
| 650 | 7 |
_2BUEsh _aحقوق الإنسان (قانون دولي) _940977 |
|
| 650 | 7 |
_2BUEsh _aالإسلام وحقوق الإنسان. |
|
| 651 | _2BUEsh | ||
| 653 |
_bLLAAWW _cMarch2017 _cMay2017 |
||
| 942 | _2ddc | ||
| 999 |
_c24513 _d24485 |
||